Learning Resource and Development

Logic make sense (Record no. 91)

MARC details
000 -LEADER
fixed length control field 00815nam a22002537a 4500
005 - DATE AND TIME OF LATEST TRANSACTION
control field 20230512123132.0
008 - FIXED-LENGTH DATA ELEMENTS--GENERAL INFORMATION
fixed length control field 171129t xxu||||| |||| 00| 0 eng d
020 ## - INTERNATIONAL STANDARD BOOK NUMBER
International Standard Book Number 9789715849258
040 ## - CATALOGING SOURCE
Transcribing agency CSPC
082 0# - DEWEY DECIMAL CLASSIFICATION NUMBER
Classification number 160
Item number P184l
100 ## - MAIN ENTRY--PERSONAL NAME
Personal name Palmiano, Dariel A.
Relator term author.
245 00 - TITLE STATEMENT
Title Logic make sense
Statement of responsibility, etc. Dariel A. Palmiano
260 ## - PUBLICATION, DISTRIBUTION, ETC.
Place of publication, distribution, etc. Quezon City :
Name of publisher, distributor, etc. C & E Publishing,
Date of publication, distribution, etc. 2010.
300 ## - PHYSICAL DESCRIPTION
Extent 234 pages :
Other physical details illustrations, tables ;
Dimensions 25 cm.
336 ## - CONTENT TYPE
Source rdacontent
Content type term text
337 ## - MEDIA TYPE
Source rdamedia
Media type term unmediated
338 ## - CARRIER TYPE
Source rdacarrier
Carrier type term volume
504 ## - BIBLIOGRAPHY, ETC. NOTE
Bibliography, etc. note Includes bibliography (pages 233-234).
650 10 - SUBJECT ADDED ENTRY--TOPICAL TERM
Topical term or geographic name entry element Philosophy.
940 ## - EQUIVALENCE OR CROSS-REFERENCE--UNIFORM TITLE [OBSOLETE] [CAN/MARC only]
Uniform title <a href="Lenie">Lenie</a>
942 ## - ADDED ENTRY ELEMENTS (KOHA)
Koha item type
-- FIL 160 P184l 2010
Holdings
Withdrawn status Lost status Damaged status Not for loan Home library Current library Shelving location Date acquired Total Checkouts Full call number Barcode Date last seen Copy number Price effective from Koha item type
        Main Library Main Library Filipiniana Section 05/12/2023   FIL 160 P184l 2010 011817 05/12/2023 1-6 05/12/2023 Books
        Main Library Main Library Filipiniana Section 05/12/2023   FIL 160 P184l 2010 011818 05/12/2023 2-6 05/12/2023 Books
        Main Library Main Library Filipiniana Section 05/12/2023   FIL 160 P184l 2010 011819 05/12/2023 3-6 05/12/2023 Books
        Main Library Main Library Filipiniana Section 05/12/2023   FIL 160 P184l 2010 011820 05/12/2023 4-6 05/12/2023 Books
        Main Library Main Library Filipiniana Section 05/12/2023   FIL 160 P184l 2010 011821 05/12/2023 5-6 05/12/2023 Books
        Main Library Main Library Filipiniana Section 05/12/2023   FIL 160 P184l 2010 016635 05/12/2023 6-6 05/12/2023 Books